|
|
|
|
| LEADER |
01752nam a2200373Ia 4500 |
| 001 |
EBC3377229 |
| 003 |
MiAaPQ |
| 005 |
20200520144314.0 |
| 006 |
m o d | |
| 007 |
cr cn||||||||| |
| 008 |
840726s1982 dcu sb 000 0 eng d |
| 035 |
|
|
|a (MiAaPQ)EBC3377229
|
| 035 |
|
|
|a (Au-PeEL)EBL3377229
|
| 035 |
|
|
|a (CaPaEBR)ebr10068470
|
| 035 |
|
|
|a (OCoLC)923269030
|
| 040 |
|
|
|a MiAaPQ
|c MiAaPQ
|d MiAaPQ
|
| 050 |
|
4 |
|a HB1108
|b .E57 1982
|
| 100 |
1 |
|
|a Entwisle, Barbara.
|
| 245 |
1 |
0 |
|a Socioeconomic determinants of fertility behavior in developing nations
|h [electronic resource] :
|b theory and initial results /
|c Barbara Entwisle, Albert I. Hermalin, William M. Mason.
|
| 260 |
|
|
|a Washington, D.C. :
|b National Academy Press,
|c 1982.
|
| 300 |
|
|
|a xiv, 127 p.
|
| 490 |
1 |
|
|a Report / Committee on Population and Demography ; no. 17
|
| 500 |
|
|
|a "Panel on Fertility Determinants, Committee on Population and Demography, Commission on Behavioral and Social Sciences and Education, National Research Council."
|
| 504 |
|
|
|a Bibliography: p. 123-127.
|
| 533 |
|
|
|a Electronic reproduction. Ann Arbor, MI : ProQuest, 2015. Available via World Wide Web. Access may be limited to ProQuest affiliated libraries.
|
| 650 |
|
0 |
|a Fertility, Human
|z Developing countries.
|
| 651 |
|
0 |
|a Developing countries
|x Population.
|
| 655 |
|
4 |
|a Electronic books.
|
| 700 |
1 |
|
|a Hermalin, Albert I.
|
| 700 |
1 |
|
|a Mason, William M.
|
| 710 |
2 |
|
|a National Research Council (U.S.).
|b Committee on Population and Demography.
|
| 710 |
2 |
|
|a ProQuest (Firm)
|
| 830 |
|
0 |
|a Report (National Research Council (U.S.). Committee on Population and Demography) ;
|v no. 17.
|
| 856 |
4 |
0 |
|u https://ebookcentral.proquest.com/lib/matrademy/detail.action?docID=3377229
|z Click to View
|